| 000 | 00811nam a2200265 a 4500 | ||
|---|---|---|---|
| 003 | OSt | ||
| 005 | 20140310183627.0 | ||
| 008 | 121004s19uu xx 00 eng d | ||
| 020 | _a9780521122504 | ||
| 050 |
_aPE 1115 _b.C178 2011 |
||
| 110 | _aCambridge University Press | ||
| 245 | _aCambridge business English dictionary / | ||
| 260 |
_aCambridge, UK : _bCambridge University Press, _c2011. |
||
| 300 |
_a947 p. : _c23 cm. |
||
| 650 |
_aEnglish language _xBusiness English _xDictionaries |
||
| 650 |
_aEnglish language _xBusiness English _xTextbooks for foreign speakers |
||
| 700 | _aWaterhouse, Hellen | ||
| 700 | _aSummers, Della | ||
| 700 | _aBollard, John | ||
| 700 | _aBarrett, Grant | ||
| 700 | _aCampbell, Rebecca | ||
| 700 | _aCassidy, Carol-June | ||
| 942 |
_cBK _2lcc |
||
| 999 |
_c25537 _d25537 |
||